| 000 | 00577 a2200217 4500 | ||
|---|---|---|---|
| 005 | 20260402142357.0 | ||
| 008 | 260402b |||||||| |||| 00| 0 eng d | ||
| 020 |
_a9780367438418 _cRs. 995.00 |
||
| 040 | _aMAIN | ||
| 082 |
_a305.420954 _bA97B |
||
| 100 | _aArya, Sunaina, ed. | ||
| 245 | _aDalit feminist theory: Reader | ||
| 260 |
_bRoutledge _c2026 _aLondon |
||
| 300 | _axvi, 245 | ||
| 650 | _aSocial Sciences | ||
| 650 | _aSocial Groups | ||
| 650 | _aWomen- Feminism | ||
| 650 | _aGeographic Area- India | ||
| 700 | _aRathore, Aakash Singh, ed. | ||
| 942 | _cBK | ||
| 999 |
_c394655 _d394655 |
||